Moderné riešenia logistiky skladovania bakalárska práca

Guardado en:
Detalles Bibliográficos
Autor principal: Bahorecz, Dávid
Autor Corporativo: Fakulta podnikového manažmentu EU. Katedra manažmentu výroby a logistiky - zrušená
Otros Autores: Dudek, Slavomír
Formato: Libro
Lenguaje:eslovaco
Publicado: Bratislava 2009
Etiquetas: Agregar Etiqueta
Sin Etiquetas, Sea el primero en etiquetar este registro!

MARC

LEADER 00000nam$a2200000$$$4500
001 0102457
005 20240320075126.1
041 0 |a slo 
044 |a SK 
245 1 0 |a Moderné riešenia logistiky skladovania  |b bakalárska práca  |c Dávid Bahorecz ; škol. Slavomír Dudek 
264 1 |a Bratislava  |c 2009 
300 |a 32 s. 
100 1 |a Bahorecz, Dávid 
700 1 |a Dudek, Slavomír 
710 2 |a Fakulta podnikového manažmentu EU. Katedra manažmentu výroby a logistiky - zrušená